Be rich: (Record no. 5861)

000 -LEADER
fixed length control field 00778nam a2200205 a 4500
001 - CONTROL NUMBER
control field :::00003603$&:&@@
003 - CONTROL NUMBER IDENTIFIER
control field OkBaRHE
005 - DATE AND TIME OF LATEST TRANSACTION
control field 20000607103308.0
008 - FIXED-LENGTH DATA ELEMENTS--GENERAL INFORMATION
fixed length control field s1976 j 000 0 eng u
020 ## - INTERNATIONAL STANDARD BOOK NUMBER
International Standard Book Number 0882077309
040 ## - CATALOGING SOURCE
Transcribing agency
100 1# - MAIN ENTRY--PERSONAL NAME
Personal name Wiersbe, Warren W.
245 10 - TITLE STATEMENT
Title Be rich:
Remainder of title are you losing the things that money can't buy? : An expository study of the Epistle to the Ephesians.
260 ## - PUBLICATION, DISTRIBUTION, ETC. (IMPRINT)
Place of publication, distribution, etc Wheaton, IL., :
Name of publisher, distributor, etc Victor Books
Date of publication, distribution, etc c1976
300 ## - PHYSICAL DESCRIPTION
Extent 175 p. ;
Dimensions 18 cm.
650 ## - SUBJECT ADDED ENTRY--TOPICAL TERM
Topical term or geographic name as entry element Bible New Testament Ephesians
General subdivision Commentaries
942 ## - ADDED ENTRY ELEMENTS (KOHA)
Source of classification or shelving scheme
Koha item type Books
Copies
Withdrawn status Full call number Permanent Location Koha item type Price effective from Not for loan Source of classification or shelving scheme Copy number Damaged status Barcode Lost status Shelving location Date acquired Date last seen
 BS 2695.3 .W53RHEMA Bible Training CollegeBooks2010-04-14  1 3603 General Stacks2010-04-142018-04-03
 BS 2695.3 .W53RHEMA Bible Training CollegeBooks2010-04-14  2 15678 General Stacks2010-04-142018-04-03